Catalog

Record Details

Catalog Search



Available copies

  • 1 of 1 copy available at LARL/NWRL Consortium. (Show)
  • 1 of 1 copy available at Northwest Regional Library.

Current holds

0 current holds with 1 total copy.

Show Only Available Copies
Location Call Number / Copy Notes Barcode Shelving Location Status Due Date
Roseau Public Library BER (Text) 35500002479457 Main Available -

Record details

  • ISBN: 0345407377
  • Physical Description: 294 p. ; 25 cm.
  • Publisher: New York : Ballantine Books, 1998.
Subject: Kincaid, Ben (Fictitious character) > Fiction.
Tulsa (Okla.) > Fiction.
Genre: Legal stories.
LDR 01339cam a2200325Ia 4500
00121768
003LARL_NWRL_CONSORTIUM
00519980325093854.0
008970711s1998 nyu 000 1 eng
020 . ‡a0345407377
035 . ‡a(OCoLC)37310946
08200. ‡a813/.54 ‡221
099 . ‡aBer
1001 . ‡aBernhardt, William, ‡d1960- ‡0(LARL_NWRL_CONSORTIUM)138284
24510. ‡aExtreme justice ‡n#7/ ‡cWilliam Bernhardt.
260 . ‡aNew York : ‡bBallantine Books, ‡c1998.
300 . ‡a294 p. ; ‡c25 cm.
4900 . ‡aBen Kincaid ; ‡v7
650 0. ‡aKincaid, Ben (Fictitious character) ‡vFiction.
651 0. ‡aTulsa (Okla.) ‡vFiction.
655 7. ‡aLegal stories. ‡2gsafd
901 . ‡a21768 ‡bOCLC ‡c21768 ‡tbiblio

Additional Resources